000 00553nam a22001937a 4500
003 KOHA_MİRAKIL
005 20251125121453.0
008 251125b tu ||||| |||| 00| 0 tur d
020 _a9789750758676
040 _aTR-AnABB
_btur
_cTR-AnABB
041 _atur
082 _a891.7342
_bBUL 2022
100 1 _aBulgakov, Mihail Afanasyeviç,
245 1 0 _aKader yumurtaları /
_cMihail Bulgakov
260 _aİstanbul :
_bCan Sanat Yayınları,
_c2022
300 _a104 sayfa ;
_c21 cm
650 0 4 _aRus edebiyatı, roman
942 _2ddc
_cBK
999 _c9628
_d9628
900 _bGizem YORULMAZ